00000000nam 2200000zi 4500
0019.945415
003CaOODSP
00520250120130723
006m     o  d f      
007cr mn|||||||||
008241121t20242024oncdab  ob   f000 0 eng d
020 |a9780660746081
040 |aCaOODSP|beng|erda|cCaOODSP
043 |an-cn---
0861 |aM184-14/2024E-PDF
1102 |aGeological Survey of Canada.|eauthor, |eissuing body.
24510|aGeological Survey of Canada : |bhighlight report 2018-2023.
264 1|a[Ottawa] : |bNatural Resources Canada = Ressources naturelles Canada, |c[2024]
264 4|c©2024
300 |a1 online resource (ii, 62 pages) : |bcharts, illustrations, maps
336 |atext|btxt|2rdacontent
337 |acomputer|bc|2rdamedia
338 |aonline resource|bcr|2rdacarrier
4901 |aNatural Resources Canada general information product ; |v158e
500 |aIssued also in French under title: Commission géologique du Canada : rapport sur les faits saillants 2018-2023.
504 |aIncludes bibliographical references.
61020|aGeological Survey of Canada|xEvaluation.
650 0|aEarth sciences|xResearch|zCanada.
7101 |aCanada. |bNatural Resources Canada, |eissuing body.
77508|tCommission géologique du Canada : |w(CaOODSP)9.945417
7760#|tGeological Survey of Canada highlight report 2018-2023.|w(CaOODSP)9.945416
830#0|aGeneral information product (Canada. Natural Resources Canada)|v158e.|w(CaOODSP)9.822750
85640|qPDF|s22.10 MB|uhttps://publications.gc.ca/collections/collection_2025/rncan-nrcan/M184-14-2024-eng.pdf
8564 |qHTML|sN/A|uhttps://doi.org/10.4095/pqbsmh6xa1